| 000 | 00641cab a2200181 4500 | ||
|---|---|---|---|
| 001 | WB2833-14 | ||
| 008 | 090401t1992 xxu||||| |||| 00| 0 eng d | ||
| 035 | _a(Sirsi) u46355 | ||
| 041 | _aeng | ||
| 245 | _aHome plan lender court case | ||
| 260 | _c1992 | ||
| 350 | _a0 | ||
| 490 |
_aMoney Week _v(271) 26 August 1992, 2(1) |
||
| 520 | _aCheltenham & Gloucester Building Society, the principal lender behind the failed home-income plan firm Aylesbury Associates, has been served a writ outlining claims for loan write-offs and damages, in the first case of its kind. | ||
| 690 | _aHOUSING-FINANCE | ||
| 942 | _n0 | ||
| 948 | _c04/03/1997 | ||
| 999 |
_c29326 _d29326 |
||